00391nam a2200145Ia 4500003000400000008004100004040001600045082001600061100001600077245005800093700001700151260004200168300001000210650002500220GCL140319s9999 xx 000 0 eng d aGCL / cGCL04a746.92bL C1 aLAVER, JOHN10aCOSTUME AND FASHION A COMCISE HISTORY / cLAVER, JOHN1 aLAVER, JAMES a[S.N] : bTHAMES AND HUDSON ، c1995 a296 P04aCOSTUMES AND FASHION